00713nam a2200157 a 450000100100000000500170001000800410002704000250006810000430009324501320013626000410026830000350030970000880034495201060043299900170053800003880420201002031358.0130425s1976 sp ac 000 0 spa d aDO-SdBNPbspacBNPHU1 aBorbón-Parma, Carlos Hugo, de96510310aQué es el carlismo /cCarlos Hugo de Borbón-Parma. seguido de Las formas de gobierno y el carlismo / José María Zavala. aBarcelona :bLa Gaya Ciencia,c1976. a79 p. :bil., retrs. ;c17 cm.1 aZavala, José MaríaqZavala y Castella.tFormas de gobierno y el carlismo965104 0010507-18MOaPDbPDcOId2013-04-25iLF1l0o p38804-10r2020-06-25w2020-06-25y1ZNo se presta c38294d38294